000 00883nam a2200229Ii 4500
003 JO-AjNU
005 20240623114853.0
008 230605s9999||||xx |||||||||||||| ||und||
040 _aJO-AjNU
_bara
_erda
_cJO-AjNU
041 _aara
100 _aسليمان، مراد قاسم عيد
_964770
_eمعد
245 _aالتنبؤ بالتدفقات النقدية التشغيلية : "دراسة ميدانية" /
_cاعداد مراد قاسم عيد سليمان؛ اشراف محمود قاقيش
260 _c 2003
300 _a109 ورقه
336 _atext
_btxt
_2rdacontent
337 _aunmediated
_bn
_2rdamedia
338 _avolume
_bnc
_2rdacarrier
500 _aرساله جامعية (ماجستير) - جامعة اليرموك، 2003
650 _vالمحاسبة التحليلية
700 _aمحمود قاقيش
_964772
_eمشرف
942 _2lcc
_cTHS
999 _c32985
_d32985